La participación ciudadana: cambio paradigmático de la cosntitución venezolana /
Con las innovaciones jurídico-filosóficas introducidas por la Constitución de la República Bolivariana de Venezuela, se plantea la cuestión de la revaloración jurídica o el realce significativo de la participación ciudadana en el contexto de los principios, órganos e instituciones vigentes. El objet...
Gespeichert in:
| 1. Verfasser: | |
|---|---|
| Format: | Text |
| Schlagworte: | |
| Tags: |
Tag hinzufügen
Keine Tags, Fügen Sie den ersten Tag hinzu!
|
MARC
| LEADER | 00000 a a2200000 04500 | ||
|---|---|---|---|
| 001 | 4641 | ||
| 003 | |||
| 040 | |||
| 100 | |a Núñez Nava, Rosa Virginia | ||
| 245 | |a La participación ciudadana: |b cambio paradigmático de la cosntitución venezolana / |c Rosa Virginia Núñez Nava | ||
| 520 | |a Con las innovaciones jurídico-filosóficas introducidas por la Constitución de la República Bolivariana de Venezuela, se plantea la cuestión de la revaloración jurídica o el realce significativo de la participación ciudadana en el contexto de los principios, órganos e instituciones vigentes. El objetivo de la investigación consiste en determinar la relación existente entre la revaloración de la participación ciudadana y el modelo de Estado Democrático y Social de Derecho consagrado en la constitución venezolana de 1999, para lo cual se empleó el método moderno de interpretación jurídica. De la revisión documental y del análisis de la jurisprudencia del Tribunal Supremo sobre esta materia, se concluye que la participación ciudadana ha impulsado un cambio de paradigma que transforma la estructura axiológica y teológica del Estado venezolano | ||
| 650 | |a PARTICIPACION CIUDADANA | ||
| 650 | |a ESTADO | ||
| 650 | |a VENEZUELA | ||
| 773 | |g número 39; páginas 75-96 | ||
| 999 | |c 38112 |d 38112 | ||
